[Event "Asia Cities-ch 13th"]
[Site "Aden"]
[Date "2002.02.09"]
[Round "4"]
[White "De Silva, Nirosh"]
[Black "Ali, Bin Ali"]
[Result "1-0"]
[WhiteElo "2230"]
[BlackElo "2175"]
[PlyCount "135"]
[EventDate "2002.02.07"]
[EventType "team-swiss"]
[EventRounds "9"]
[EventCountry "YEM"]
[SourceTitle "EXT 2020"]
[Source "ChessBase"]
[SourceDate "2019.10.17"]
[SourceVersion "1"]
[SourceVersionDate "2019.10.17"]
[SourceQuality "1"]
[WhiteTeam "Colombo"]
[BlackTeam "Ta'izz"]
[WhiteTeamCountry "SRI"]
[BlackTeamCountry "YEM"]

1. e4 Nf6 2. Nc3 e5 3. Nf3 Nc6 4. Bb5 a6 5. Ba4 Bc5 6. 0-0 d6 7. h3 0-0 8. d3 h6 9. Be3 Ba7 10. Bxc6 bxc6 11. Bxa7 Rxa7 12. d4 exd4 13. Qxd4 c5 14. Qd3 Nd7 15. Rad1 Re8 16. Rfe1 Bb7 17. Nd5 Ra8 18. c4 Rb8 19. b3 Bc6 20. Nc3 Rb7 21. e5 Re6 22. exd6 Rxd6 23. Qe3 Nf6 24. Ne5 Rb6 25. Qxc5 Ba8 26. Qe3 Rxd1 27. Rxd1 Qe8 28. Qc5 Qc8 29. Qe7 Rb8 30. Qxf7+ Kh8 31. Qg6 Qe8 32. Nf7+ Kg8 33. Nxh6+ Kh8 34. Nf7+ Kg8 35. Nh6+ Kh8 36. Qxe8+ Rxe8 37. Nf5 g6 38. Ne3 c6 39. Rd6 Kg7 40. Na4 Kf7 41. Nc5 a5 42. Ng4 Nxg4 43. hxg4 Re5 44. Nd3 Re8 45. f4 Re6 46. Ne5+ Ke7 47. Rd7+ Kf8 48. Rd8+ Re8 49. Nxg6+ Kf7 50. Ne5+ Ke7 51. Rxe8+ Kxe8 52. c5 Bb7 53. Kf2 Ke7 54. f5 Kf6 55. Nf3 Ba6 56. Ke3 Bf1 57. g3 Bh3 58. Kf4 Bf1 59. g5+ Kg7 60. g6 Bd3 61. Ne5 Bb1 62. a3 Ba2 63. b4 axb4 64. axb4 Bd5 65. Kg5 Be4 66. f6+ Kh8 67. Nf7+ Kg8 68. Nh6+ 1-0